UM Logo

Divided loyalties : (Record no. 20763)

MARC details
000 -LEADER
fixed length control field 00975nam a22002177a 4500
005 - DATE AND TIME OF LATEST TRANSACTION
control field 20251124143718.0
008 - FIXED-LENGTH DATA ELEMENTS--GENERAL INFORMATION
fixed length control field 240821b ||||| |||| 00| 0 eng d
082 ## - DEWEY DECIMAL CLASSIFICATION NUMBER
Classification number DPer 155.205 J826 October-December 2019 v. 117 n. 4-6
100 ## - MAIN ENTRY--PERSONAL NAME
Personal name Kunst, Jonas R.
Relator term author.
9 (RLIN) 58635
245 ## - TITLE STATEMENT
Title Divided loyalties :
Remainder of title perceptions of disloyalty underpin bias toward dually-identified minority-group members /
Statement of responsibility, etc. Jonas R. Kunst, Lotte Thomsen, and John F. Dovidio.
260 ## - PUBLICATION, DISTRIBUTION, ETC. (IMPRINT)
Place of publication, distribution, etc. Philadelphia ;
Name of publisher, distributor, etc. American Psychological Association,
Date of publication, distribution, etc. October 2019.
300 ## - PHYSICAL DESCRIPTION
Extent Volume 119, pages 807-838 :
Other physical details illustration ;
Dimensions 28 cm.
500 ## - GENERAL NOTE
General note Journal of Personality and Social Psychology, vol. 117, no. 4, pages 807-838, October 2019.
650 #0 - SUBJECT ADDED ENTRY--TOPICAL TERM
Topical term or geographic name as entry element Acculturation.
9 (RLIN) 69406
650 #0 - SUBJECT ADDED ENTRY--TOPICAL TERM
Topical term or geographic name as entry element Prejudice.
9 (RLIN) 69407
650 #0 - SUBJECT ADDED ENTRY--TOPICAL TERM
Topical term or geographic name as entry element Adolescents.
9 (RLIN) 67067
700 ## - ADDED ENTRY--PERSONAL NAME
Personal name Kunst, Jonas R.
Relator term author.
9 (RLIN) 58635
700 ## - ADDED ENTRY--PERSONAL NAME
Personal name Thomsen, Lotte.
Relator term author.
9 (RLIN) 58636
700 ## - ADDED ENTRY--PERSONAL NAME
Personal name Dovidi, John F.
Relator term author.
9 (RLIN) 58637
942 ## - ADDED ENTRY ELEMENTS (KOHA)
Source of classification or shelving scheme Dewey Decimal Classification
Koha item type Periodicals
Holdings
Withdrawn status Lost status Source of classification or shelving scheme Damaged status Not for loan Collection code Home library Current library Date acquired Total Checkouts Full call number Date last seen Price effective from Koha item type Public note
    Dewey Decimal Classification     Periodicals UM Digos College - LIC UM Digos College - LIC 08/21/2024   DPer 155.205 J826 October-December 2019 v. 117 n. 4-6 08/21/2024 08/21/2024 Periodicals Periodical Article